Biology textbook analysis of Kerala and Tamil Nadu at higher secondary school / (Record no. 39892)

MARC details
000 -LEADER
fixed length control field 00803nam a22002297a 4500
005 - DATE AND TIME OF LATEST TRANSACTION
control field 20100806154834.0
010 ## - LCCN (DPL NO)
LC control number ENG-98695
020 ## - INTERNATIONAL STANDARD BOOK NUMBER
International Standard Book Number 9788190791335
Terms of availability 75.00
020 ## - INTERNATIONAL STANDARD BOOK NUMBER
International Standard Book Number 8190791338
Terms of availability 75.00
035 ## - SYSTEM CONTROL NUMBER
System control number EN-82227
037 ## - SOURCE OF ACQUISITION
Source of stock number/acquisition DBAD/PUB
082 ## - DEWEY DECIMAL CLASSIFICATION NUMBER
Classification number 570
100 ## - MAIN ENTRY--PERSONAL NAME
Personal name Chellam.C.
245 ## - TITLE STATEMENT
Title Biology textbook analysis of Kerala and Tamil Nadu at higher secondary school /
Statement of responsibility, etc by Chellam.C.
260 ## - PUBLICATION, DISTRIBUTION, ETC. (IMPRINT)
Place of publication, distribution, etc Chinnalapatti
Name of publisher, distributor, etc Mohana Balan Publishers
Date of publication, distribution, etc 2009
270 ## - ADDRESS
Address 18.10-1, North St.,
City Chinnalapatti
Postal code 624301
300 ## - PHYSICAL DESCRIPTION
Extent 68p.
Dimensions 20cm (pbk)
500 ## - GENERAL NOTE
General note Includes bibliographical references and index
650 ## - SUBJECT ADDED ENTRY--TOPICAL TERM
Topical term or geographic name as entry element Biology
942 ## - ADDED ENTRY ELEMENTS (KOHA)
Source of classification or shelving scheme Dewey Decimal Classification
Item type English Books
Classification part 570
Call number suffix CHE
Holdings
Withdrawn status Lost status Not for loan Collection code Home library Current library Date acquired Source of acquisition Cost, normal purchase price Full call number Barcode Copy number Cost, replacement price Koha item type
    Not For Loan Non-fiction D.B.Act.Division D.B.Act.Division 06/08/2010 DBAD/PUB 75.00 570 CHE EN-82227 1 75.00 English Books

© Delhi Public Library
Hit Counter
free hit counter